000 00584nam a2200217Ia 4500
003 OSt
005 20220928135330.0
006 a|||||r|||| 00| 0
007 ta
008 220927b |||||||| |||| 00| 0 eng d
024 _a1178
037 _cTextual
040 _aSDCL
_cSDCL
_beng
041 _2eng
_aeng
082 _aO,2:gx, K7
100 _aGrene David
_9489773
245 0 _aReality and the heroic pattern
_b Last plays of Ibsen, Shakespeare, and Sophocles
260 _c1967
942 _hO,2:gx, K7
_cTEXL
_2CC
999 _c805076
_d805076